000
00357nam a2200145Ia 4500
008
151213s9999 xx 000 0 und d
100
_a
Richard E.
245
_a
Yeats : The Man and The Masks
_c
Richard E.
260
_a
London
_b
Falen and Falen
_c
1960
300
_a
4464 p.
650
_a
Critics
650
_a
English
700
_a
Richard E.
999
_c
2839
_d
2839